Sports Quiz

Random Sports or Football Quiz

NFL Starting QBs (Philadelphia Eagles) Quiz Stats

 Plays Quiz Updated Jan 4, 2021

Support Sporcle.
Go Orange.
Score 0/14 Timer 04:00
8 Plays Today
Starts Player % Correct
142Donovan McNabb
91.6%
41Michael Vick
89%
68Carson Wentz
87.2%
32Nick Foles
86%
14Sam Bradford
58.5%
4Jalen Hurts
58.3%
7Kevin Kolb
55.2%
Starts Player % Correct
6Jeff Garcia
47.8%
10Mark Sanchez
45.7%
3Koy Detmer
37.9%
7AJ Feeley
34.8%
3Vince Young
30.8%
9Doug Pederson
26.1%
7Mike McMahon
19.7%

From the Vault

US States by Fourth Largest Cities

by El_Dandy

Because 1, 2, and 3 are just too easy.
Remove Ads.
Support Sporcle.
Get the best of Sporcle when you Go Orange. This ad-free experience offers more features, more stats, and more fun while also helping to support Sporcle. Thank you for becoming a member.

Show Comments

Extras

Top Quizzes Today


Score Distribution

Your Account Isn't Verified!

In order to create a playlist on Sporcle, you need to verify the email address you used during registration. Go to your Sporcle Settings to finish the process.

Report this User

Report this user for behavior that violates our Community Guidelines.

Details: